UK property funds wary about draft EU directive (Record no. 82420)

MARC details
000 -LEADER
fixed length control field 01038cam a22002055a 4500
001 - CONTROL NUMBER
control field L150210
008 - FIXED-LENGTH DATA ELEMENTS--GENERAL INFORMATION
fixed length control field 100614e2010 xxk 000 0 eng d
035 ## - SYSTEM CONTROL NUMBER
System control number (Sirsi) u150210
041 0# - LANGUAGE CODE
Language code of text/sound track or separate title eng
110 2# - MAIN ENTRY--CORPORATE NAME
Corporate name or jurisdiction name as entry element EuroProperty
9 (RLIN) 1216
245 00 - TITLE STATEMENT
Title UK property funds wary about draft EU directive
260 ## - PUBLICATION, DISTRIBUTION, ETC.
Date of publication, distribution, etc. 2010
490 #0 - SERIES STATEMENT
Series statement EuroProperty
Volume/sequential designation 7 June 2010, 8-9(2)
520 ## - SUMMARY, ETC.
Summary, etc. The European Parliament has adopted a position on the controversial Alternative Investment Fund Managers Directive, draft legislation requiring non-EU alternative investment fund managers to comply with EU rules if they wish to operate in Europe. The UK, the hub of the industry in the EU, has been the main opponent of further regulation. Significant inter-institutional differences will have to be resolved for the directive to come into force in mid-2012.
590 ## - LOCAL NOTE (RLIN)
Local note KA
650 24 - SUBJECT ADDED ENTRY--TOPICAL TERM
Topical term or geographic name entry element ALTERNATIVE INVESTMENT FUND MANAGERS DIRECTIVE
651 #4 - SUBJECT ADDED ENTRY--GEOGRAPHIC NAME
Geographic name Europe
690 ## - LOCAL SUBJECT ADDED ENTRY--TOPICAL TERM (OCLC, RLIN)
Topical term or geographic name as entry element PROPERTY-COMMERCIAL PROPERTY-COMMERCIAL PROPERTY FINANCE AND INVESTMENT
942 ## - ADDED ENTRY ELEMENTS (KOHA)
Suppress in OPAC 0
Holdings
Withdrawn status Lost status Source of classification or shelving scheme Damaged status Not for loan Home library Current library Shelving location Date acquired Total Checkouts Full call number Barcode Date last seen Copy number Price effective from Koha item type
    Dewey Decimal Classification     London London Journal article 14/06/2010   L150210 150210-1001 06/08/2019 1 06/08/2019 Journal article